00823nam a22002057a 4500003000900000008004100009040007100050082002100121100002400142245010100166260002900267300004600296505017000342650001900512650001100531650001400542650001000556700002100566700003000587AR-CdUCM190320b ||||| |||| 00| 0 spa d aMUNICIPALIDAD PROVINCIAL DEL CUSCOcBIBLIOTECA MUNICIPAL DEL CUSCO a616.9893 /bAR77 aArregui L., Alberto aSalud y minería : bel riesgo del mal de montaña crónico entre mineros de Cerro de Pasco / aLima :bADEC-ATC,c1990. a125 páginas ;btablas, figuras,c20 cm. aContenido: El proceso de poblamiento de Cerro de Pasco -- La población minera de Cerro de Pasco -- El minero de Cerro de Pasco -- El riesgo de mal de montaña ... aCerro de Pasco aPerú aMinería aSalud aVelarde, F. Leon aValcarcel, M. (coautores)